| 000 | 00452cam a2200181 4500 | ||
|---|---|---|---|
| 001 | D6975 | ||
| 008 | 090401t1983 xxu||||| |||| 00| 0 eng d | ||
| 035 | _a(Sirsi) u4304 | ||
| 041 | _aeng | ||
| 050 | _a690.231 | ||
| 100 | _aMarsh, Paul | ||
| 245 | 4 | _aThe refurbishment of commercial and industrial buildings | |
| 260 |
_aLondon _bConstruction Press _c1983 |
||
| 300 | _avii. 94p. ill. 30cm | ||
| 350 | _a17.5 | ||
| 942 | _n0 | ||
| 948 | _c04/03/1997 | ||
| 999 |
_c86013 _d86013 |
||